Mạ điện
Cuốn sách trình bày những quy trình kỹ thuật mạ kim loại và hợp kim: cơ sở điện toán học (trình bày ngắn gọn những khái niệm, định luật cơ bản có liên quan tới kỹ thuật mạ điện kim loại), những nguyên tắc cơ bản trong chọn lựa, sử dụng lo...
محفوظ في:
| المؤلف الرئيسي: | |
|---|---|
| التنسيق: | كتاب |
| اللغة: | Undetermined |
| منشور في: |
Hà Nội
Khoa học và Kỹ thuật
2009
|
| الموضوعات: | |
| الوسوم: |
إضافة وسم
لا توجد وسوم, كن أول من يضع وسما على هذه التسجيلة!
|
| Thư viện lưu trữ: | Trung tâm Học liệu Trường Đại học Cần Thơ |
|---|
| LEADER | 01138nam a2200205Ia 4500 | ||
|---|---|---|---|
| 001 | CTU_161952 | ||
| 008 | 210402s9999 xx 000 0 und d | ||
| 020 | |c 32000 | ||
| 082 | |a 671.7 | ||
| 082 | |b Kh561/T.1 | ||
| 100 | |a Nguyễn, Khương | ||
| 245 | 0 | |a Mạ điện | |
| 245 | 0 | |c Nguyễn Khương | |
| 260 | |a Hà Nội | ||
| 260 | |b Khoa học và Kỹ thuật | ||
| 260 | |c 2009 | ||
| 520 | |a Cuốn sách trình bày những quy trình kỹ thuật mạ kim loại và hợp kim: cơ sở điện toán học (trình bày ngắn gọn những khái niệm, định luật cơ bản có liên quan tới kỹ thuật mạ điện kim loại), những nguyên tắc cơ bản trong chọn lựa, sử dụng lớp mạ điện kim loại, các phương pháp gia công bề mặt vật mạ trước khi mạ điện, một số quy trình kỹ thuật mạ điện kim loại : đồng, niken, crôm, bạc ... | ||
| 650 | |a Electroplating | ||
| 904 | |i Thoa, Bich Tram | ||
| 980 | |a Trung tâm Học liệu Trường Đại học Cần Thơ | ||